000 00971nam a22002535i 4500
001 165969
003 ES-MaACL
005 20250820150541.0
008 960524s1888 sp |||| | spa d
040 _aCLM
_bspa
_cCLM
100 1 _aTácito, Cayo Cornelio
_9109052
245 1 4 _aLas historias /
_cde Cayo Cornelio Tácito ; traducidas por D. Carlos Coloma.
260 _aMadrid :
_bLibrería de la viuda de Hernando y Cª,
_c1888 (
_fEstablecimiento tipográfico sucesores de Rivadeneyra)
300 _a370 p. ;
_c19 cm.
490 1 _aBiblioteca Clásica. Tomo XL
596 1 _aEn el verso de la port.: Establecimiento tipográfico "Sucesores de Rivadeneyra"
597 1 _aAntep.
650 4 _aRoma-
_xHistoria.
_9224296
700 1 _aColoma, Carlos,
_dca. 1567-1637
_etrad.
_9126547
752 _aEspaña -
_d, Madrid
830 0 _aBiblioteca Clásica. Tomo XL
_9222509
852 _aES-MaACL
_jF-13276
_z-- Enc. tela
999 _c165969
_d165969